Statistics for Jeopardy #8529

Click here to take the quiz!

General Stats

  • This quiz has been taken 22 times
  • The average score is 10 of 61

Answer Stats

CategoryCashClueAnswer% Correct
AROUND THE MEDITERRANEAN$200A neutral zone separates Spain from this territory & peninsula, a gateway to the Med that always knows how to rockGibraltar
69%
AROUND THE MEDITERRANEAN$400Stretch your legs for a walk around this entire country; okay, its area is about 500 acres, but still...! Then hit its casinoMonaco
69%
AROUND THE MEDITERRANEAN$600Let's check out the 88-foot Pompey's Pillar, dedicated around 297 A.D. in this Egyptian city, but we're a tad late on its lighthouseAlexandria
62%
ALL ON YOUR HEAD NOW$200Dangle & hoop are types of these but I like your choice of chandelierearrings
62%
AROUND THE MEDITERRANEAN$1000Enjoy the days & knights of this nation in the Central Med composed of 5 islands including CominottoMalta
54%
PROF TALK$200Profs definitely want good "P.R.". this process by which academic experts referee paperspeer review
54%
PROF TALK$1000In 1880 Harvard became the first to grant these marvelously restful paid leaves of absencesabbatical
54%
PROF TALK$400Remember grad school & getting the yearly payment called this--appropriately, from Latin for "alms"?stipend
54%
IN RECENT YEARS$400The 2016 Summer Olympics were held in this South American cityRio
46%
ALL ON YOUR HEAD NOW$600The Donnersmarck emerald & diamond this, a semi-circular crown, went for $12.7 million in 2011 & it would set off your eyesa tiara
38%
IN RECENT YEARS$800In 2010 Apple released this tablet & sold more than 3 million in the first 80 daysiPad
38%
ALL ON YOUR HEAD NOW$400You profs once wore this flat-topped cap; now you see it on celebrating soon-to-be ex-students once or twice a yeara mortarboard
31%
WHAT DOES IT PREVENT?$1000Ladybugs & lacewings: these garden menaces also known as plant liceaphids
31%
IN RECENT YEARS$1200David Cameron is seen here with this home secretary, his successor as prime ministerTheresa May
31%
WHAT DOES IT PREVENT?$200Higher-octane gasoline: this "kn"oise, partner of the dreaded pingingknocking
23%
WHAT DOES IT PREVENT?$400Bounce dryer sheets, symbolized by a tee shirt & a lightning boltstatic cling
23%
COLLEGE SPORTS$200In 2021 LSU's men's team claimed the outdoor track & field NCAA title, aided by Terrance Laird's time of 10.05 in this eventthe 100 meter
23%
AROUND THE MEDITERRANEAN$800This citv can be said to be twice on the Mediterranean coast; one as a world capital, the other in LebanonTripoli
23%
IN RECENT YEARS$2000In 2018 it was reported that this British firm had accessed the personal data of up to 87 million Facebook usersCambridge Analytica
15%
LIT CHARACTERS' BAD CHOICES$200"Thy hour and thy harpoon are at hand!"; he should've cut bait & run, as his harpoon issues got much worse the next day(Captain) Ahab
15%
DESCRIBING THE TV DRAMA$400It's a Mads Mads Mads Mads Mikkelsen world; the doctor will eat you nowHannibal
15%
STATE SONGS$800With words by King David Kalakaua, its state song urges, "Be loyal to your chief"Hawaii
15%
WHAT DOES IT PREVENT?$800A living trust: this court procedure to carry out the terms of a willprobate
15%
IN RECENT YEARS$1600In 2015 this disease also known as German measles was declared eradicated in the Americasrubella
15%
STATE SONGS$400Lyrics from this Louisiana state song include "You make me happy when skies are gray""You Are My Sunshine"
15%
SHOW ME YOUR P-H-D$800To arrest a criminal suspectapprehend
8%
ALL ON YOUR HEAD NOW$1000Let's go one this hat seen here over the line, & chef up something deliciousa toque
8%
DESCRIBING THE TV DRAMA$1200Simon & Daphne, streaming steamily; episodes included "The Duke & I" & "Art of the Swoon"Bridgerton
8%
SCIENCE VOCABULARY$800Atoms share a pair of electrons in this type of chemical bondcovalent
8%
SCIENCE VOCABULARY$1200"Specific" this is the ratio of a substance's density to that of a standard substance, often watergravity
8%
WHAT DOES IT PREVENT?$600The compound levonorgestrel, in products like Mirenapregnancy
8%
YIDDISH THEATER$2000To Marlon Brando, "Stella" also meant this woman from a Yiddish theater dynasty, the teacher who changed his lifeStella Adler
8%
DESCRIBING THE TV DRAMA$1600Catherine, dressing to empress; we're stanning FanningThe Great
8%
COLLEGE SPORTS$600Winners of this prestigious honor introduced in 1935 include Steve Spurrier, Barry Sanders & Jameis Winstonthe Heisman Trophy
8%
LIT CHARACTERS' BAD CHOICES$800He makes the mistake of trusting O'Brien, which leads to a harsh re-education at the Ministry of LoveWinston (Smith)
8%
SHOW ME YOUR P-H-D$1200In 2021 4 astronauts landed in the Gulf of Mexico in the USA's first nighttime one of these since 1968a (crewed) splashdown
0%
PROF TALK$600A PhD candidate who's finished all the coursework but not that last bit of writing is an ABD, thisall but dissertation
0%
SHOW ME YOUR P-H-D$400A son or daughter by marriagea stepchild
0%
LIT CHARACTERS' BAD CHOICES$400James, don't break up a family's baseball game & try to kill this girl! Edward will be mad & it just won't end well for you!Bella Swan
0%
SHOW ME YOUR P-H-D$1600Squid & octopuses are members of this class of marine molluskscephalopods
0%
COLLEGE SPORTS$400With stars like Maya Moore, the Huskies of this U. have won over 90% of their games & 11 national titles in women's basketball since '95Connecticut (UConn)
0%
SCIENCE VOCABULARY$400From a word meaning "insect", it's the study of bugsentymology
0%
SCIENCE VOCABULARY$1600In physics, a body at rest is in "static" this if all the forces acting on it cancel each other outequilibrium
0%
PROF TALK$800This word for a group of associated professors can also mean a natural power or abilityfaculty
0%
LIT CHARACTERS' BAD CHOICES$600She a) married Roger Chillingworth & b) didn't just head off for Europe with Dimmesdale as soon as she heard the word "prison"Hester Prynne
0%
YIDDISH THEATER$800A surprise New York hit in 2018 was a Yiddish-language "Fiddler on the Roof"; this song becomes "Ven Ikh Bin A Rotshild""If I Were A Rich Man"
0%
YIDDISH THEATER$400David Moishele is an aging wealthy merchant with problematic children in the 1892 play "The Yiddish" this Shakespeare tragedyKing Lear
0%
ALL ON YOUR HEAD NOW$800Spikes of hair framing the face are called these spikes in tribute to a lady of the harborliberty spikes
0%
LIT CHARACTERS' BAD CHOICES$1000True love wins out, but he wasn't smart to let his friend Mr. Darcy talk him into leaving Jane Bennet in the lurchMr. Charles Bingley
0%
STATE SONGS$1200This state has an official song & several honorary ones including "Live Free Or Die" & "The Old Man Of The Mountain"New Hampshire
0%
SCIENCE VOCABULARY$2000This slow wobbling of the Earth's axis of rotation completes a cycle every 26,000 years or soprecession
0%
YIDDISH THEATER$1200Yiddish theater's beginnings are associated with this Jewish holiday involving dressing up in costumePurim
0%
YIDDISH THEATER$1600The play "Chantzhe in Amerika" is about a woman wanting to learn this modern skill; "How I Learned to" do it is a non-Yiddish playshe wanted to drive
0%
STATE SONGS$2000One of Colorado's state songs is where these wildflowers growthe columbines
0%
1950s PUBLIC WORKSN/ADubbed "The Greatest Construction Show on Earth", when completed it connected Minnesota to Montrealthe St. Lawrence Seaway
0%
COLLEGE SPORTS$1000Mia Hamm won 4 national soccer titles with this southern schoolthe University of North Carolina
0%
STATE SONGS$1600The state song of Indiana is titled "On The Banks Of" this river "Far Away"the Wabash
0%
DESCRIBING THE TV DRAMA$800On since 2010 but cast job security? Iffy; Michael Rooker was Norman Reedus' brother, remember that?The Walking Dead
0%
SHOW ME YOUR P-H-D$2000These sacred writings of Hinduism explain the fundamental tenets of the religionUpanishads
0%
DESCRIBING THE TV DRAMA$2000An island resort is not quite paradise; Jennifer Coolidge deals with the ashes of a relationshipWhite Lotus
0%
COLLEGE SPORTS$800"On", this Big Ten school! coached by "Miracle on Ice" team member Mark Johnson, the women's hockey team won the 2021 NCAA titleWisconsin
0%

Score Distribution

Percentile by Number Answered

Percent of People with Each Score

Your Score History

You have not taken this quiz